Концептуальная модель конструктора алгоритмов внутрилабораторного контроля качества результатов анализа; Автоматизация в промышленности; № 5

Detaylı Bibliyografya
Parent link:Автоматизация в промышленности: журнал
№ 5.— 2010
Müşterek Yazar: Томский политехнический университет (ТПУ) Научно-исследовательский институт высоких напряжений (НИИВН)
Diğer Yazarlar: Щелканов С. В. Сергей Владимирович, Терещенко А. Г. Анатолий Георгиевич, Григорьев В. П. Владимир Петрович, Вылегжанин О. Н. Олег Николаевич, Юнак А. Л. Александр Львович
Özet:Заглавие с титульного листа.
Электронная версия печатной публикации.
Автоматизация расчетов по меняющемуся перечню алгоритмов внутрилабораторного контроля в соответствии с различными нормативными документами является трудоемкой задачей. Предложена концептуальная модель динамического конструирования алгоритмов контроля как решение задачи соответствия программного комплекса по автоматизации внутрилабораторного контроля не только для известных действующих нормативных документов, но и для их возможных модификаций
Dil:Rusça
Baskı/Yayın Bilgisi: 2010
Konular:
Online Erişim:http://www.lib.tpu.ru/fulltext/m/2010/m22.pdf
Materyal Türü: Elektronik Kitap Bölümü
KOHA link:https://koha.lib.tpu.ru/cgi-bin/koha/opac-detail.pl?biblionumber=595908

MARC

LEADER 00000naa0a2200000 4500
001 595908
005 20250318142103.0
035 |a (RuTPU)RU\TPU\tpu\17796 
090 |a 595908 
100 |a 20100705d2010 k y0rusy50 ca 
101 0 |a rus 
102 |a RU 
135 |a drnn ---uucaa 
181 0 |a i  
182 0 |a b 
200 1 |a Концептуальная модель конструктора алгоритмов внутрилабораторного контроля качества результатов анализа  |f С. В. Щелканов [и др.]  |g Томский политехнический университет (ТПУ), Научно-исследовательский институт высоких напряжений (НИИВН) 
203 |a Текст  |c электронный 
215 |a 1 файл (186 Kб) 
300 |a Заглавие с титульного листа. 
300 |a Электронная версия печатной публикации. 
330 |a Автоматизация расчетов по меняющемуся перечню алгоритмов внутрилабораторного контроля в соответствии с различными нормативными документами является трудоемкой задачей. Предложена концептуальная модель динамического конструирования алгоритмов контроля как решение задачи соответствия программного комплекса по автоматизации внутрилабораторного контроля не только для известных действующих нормативных документов, но и для их возможных модификаций 
337 |a Adobe Reader 
461 |t Автоматизация в промышленности  |o журнал 
463 |t № 5  |d 2010 
610 1 |a ЛИУС 
610 1 |a лаборатории 
610 1 |a внутрилабораторный контроль 
610 1 |a карты Шухарта 
610 1 |a труды учёных ТПУ 
610 1 |a электронный ресурс 
701 1 |a Щелканов  |b С. В.  |c специалист в области проектирования и разработки корпоративных информационных систем  |c инженер-программист Томского политехнического университета, аспирант  |f 1985-  |g Сергей Владимирович  |3 (RuTPU)RU\TPU\pers\27094  |4 070 
701 1 |a Терещенко  |b А. Г.  |c химик-технолог  |c заведующий лабораторией Томского политехнического университета, кандидат технических наук  |f 1946-  |g Анатолий Георгиевич  |3 (RuTPU)RU\TPU\pers\25305  |4 070  |9 11303 
701 1 |a Григорьев  |b В. П.  |c математик  |c профессор Томского политехнического университета, доктор физико-математических наук  |f 1941-  |g Владимир Петрович  |3 (RuTPU)RU\TPU\pers\18595  |4 070 
701 1 |a Вылегжанин  |b О. Н.  |c специалист в области информатики и вычислительной техники  |c доцент Томского политехнического университета, кандидат химических наук  |f 1943-  |g Олег Николаевич  |3 (RuTPU)RU\TPU\pers\25385  |4 070 
701 1 |a Юнак  |b А. Л.  |c специалист в области информатики и вычислительной техники  |c ведущий программист Томского политехнического университета  |f 1946-  |g Александр Львович  |3 (RuTPU)RU\TPU\pers\26496  |4 070 
712 0 2 |a Томский политехнический университет (ТПУ)  |b Научно-исследовательский институт высоких напряжений (НИИВН)  |3 (RuTPU)RU\TPU\col\3249 
801 2 |a RU  |b 63413507  |c 20130904  |g RCR 
856 4 |u http://www.lib.tpu.ru/fulltext/m/2010/m22.pdf 
942 |c CF